[Event "Canadian op"]
[Site "Edmonton"]
[Date "2005.07.16"]
[Round "9"]
[White "Meller, Marvin"]
[Black "Tuason, Alfred"]
[Result "1-0"]
[WhiteElo "1561"]
[BlackElo "1356"]
[PlyCount "90"]
[EventDate "2005.07.09"]
[EventType "swiss"]
[EventRounds "10"]
[EventCountry "CAN"]
[SourceTitle "CBM 107 Extra"]
[Source "ChessBase"]
[SourceDate "2005.09.01"]
[SourceVersion "1"]
[SourceVersionDate "2005.09.01"]
[SourceQuality "1"]

1. c4 e5 2. b3 Nf6 3. e3 d6 4. Bb2 Nc6 5. a3 a5 6. Be2 Be7 7. Bf3 Bd7 8. d3 Qc8 9. Nd2 Bg4 10. h3 Bxf3 11. Ngxf3 h6 12. Ne4 Qd7 13. Nxf6+ Bxf6 14. Bc3 0-0 15. 0-0 b6 16. d4 e4 17. Nh2 Ne7 18. Ng4 Bh4 19. f3 f5 20. Nf2 Bxf2+ 21. Rxf2 c6 22. Qe1 d5 23. fxe4 fxe4 24. Rxf8+ Rxf8 25. a4 Qc7 26. c5 Nf5 27. g4 Ne7 28. Kg2 Rf3 29. Ra2 Ng6 30. h4 Kh8 31. h5 Ne7 32. Qh4 Rxe3 33. Rc2 Qf4 34. Rf2 Rf3 35. Bd2 Rxf2+ 36. Qxf2 Qxf2+ 37. Kxf2 bxc5 38. dxc5 Kh7 39. Ke3 Ng8 40. Bxa5 Ne7 41. b4 g6 42. Bd8 Nc8 43. b5 cxb5 44. axb5 gxh5 45. gxh5 Kg7 1-0